000 00549nam a2200181Ia 4500
008 090123s9999 xx 000 0 und d
082 _b16831
100 _aपरुळेकर आशा
245 _aकुटुंब सौख्य
250 _a1
260 _bउन्मेष प्रकाशन
_c1989
300 _a126
600 _aपरुळेकर आशा
630 _aकुटुंब सौख्य
700 _aपरुळेकर आशा
730 _aकुटुंब सौख्य
942 _cBOOK
999 _c54890
_d54890